000 00442nam a22001937a 4500
003 MPLRDC
005 20220104143738.0
008 210129b ||||| |||| 00| 0 eng d
020 _a957-98633-6-9
082 _a411.77 HEW c.2
100 _aJAMES HEWITT
245 _a放轻松
_c君蓁译
250 _a第一版
260 _a
_b中天
_c1997
300 _b
490 _aHAPPY MIND; 6
650 _a
942 _cBK
_o411.77 HEW c.2
999 _c42934
_d42924